Visualizzazione normale
Vista MARC
- Ouellet Marc
di Personal Name
Records bibliografici associati: 1
001 - CONTROL NUMBER
- control field: 56618
003 - CONTROL NUMBER IDENTIFIER
- control field: IT-RoPau
005 - DATE AND TIME OF LATEST TRANSACTION
- control field: 20171017103952.0
008 - FIXED-LENGTH DATA ELEMENTS
- fixed length control field: 171017|| aca||aabn | a|a d
040 ## - CATALOGING SOURCE
- Original cataloging agency: IT-RoPau
- Transcribing agency: IT-RoPau
100 ## - HEADING--PERSONAL NAME
- Personal name: Ouellet Marc
670 ## - SOURCE DATA FOUND
- Source citation: Work cat.: (IT-RoPau): Ouellet Marc, Comunione spirituale e comunione sacramentale: unità e distinzione, 2015